000 00350nam a2200145Ia 4500
003 OSt
005 20240227103903.0
008 170524s9999 xx 000 0 und d
020 _a9780070682139
040 _cIIMT ENGINEERING COLLEGE
100 _aASWATHAPPA- K
245 0 _aHUMAN RESOURCE MANAGEMENT
260 _bNEW DELHI : TMH
942 _2ddc
_c02
999 _c8478
_d8478